Duolingo Languages by Number of Users - Statistics

General Stats
  • This quiz has been taken 75 times
  • The average score is 8 of 27
Answer Stats
Hint Answer % Correct
59.9M Spanish
100%
35.0M French
94%
22.7M German
85%
14.3M Italian
74%
6.24M Portuguese
67%
2.17M Dutch
57%
1.98M Swedish
46%
1.49M Russian
43%
1.07M Danish
28%
1.30M Turkish
26%
1.80M Irish
24%
415K Polish
24%
717K Norwegian (Bokmal)
22%
48863 Greek
17%
428K Esperanto
15%
390K Ukrainian
13%
49.2K Vietnamese
13%
45513 Korean
9%
19809 Czech
7%
48152 Hindi
7%
40927 Romanian
7%
161K Welsh
7%
52155 Hungarian
6%
19980 Swahili
6%
65594 Hebrew
2%
81769 Klingon
2%
10454 Indonesian
0%
No matching quizzes found
Score Distribution
Percent of People with Each Score
Percentile by Number Answered
Your Score History
You have not taken this quiz